Разработка конфигуратора систем поддержки принятия стратегических решений; Информационные технологии в науке, управлении, социальной сфере и медицине; Ч. 2
| Parent link: | Информационные технологии в науке, управлении, социальной сфере и медицине: сборник научных трудов V Международной научной конференции, 17-21 декабря 2018 г., Томск/ Национальный исследовательский Томский политехнический университет (ТПУ) ; Томский государственный педагогический университет (ТГПУ) ; под ред. О. Г. Берестневой [и др.].— , 2018 Ч. 2.— 2018.— [С. 408-413] |
|---|---|
| المؤلف الرئيسي: | |
| مؤلف مشترك: | |
| الملخص: | Заглавие с титульного экрана The results of creating an environment for developing strategic decision support systems are presented. The software is implemented on the basis of the 1C: 8.3 technology platform. The environment allows the construction of decision support systems for the strategic management of socio-economic systems of various kinds based on typical tools that allow you to work with expert knowledge. |
| اللغة: | الروسية |
| منشور في: |
2018
|
| سلاسل: | Информационные технологии поддержки принятия решений |
| الموضوعات: | |
| الوصول للمادة أونلاين: | http://earchive.tpu.ru/handle/11683/52343 |
| التنسيق: | MixedMaterials الكتروني فصل الكتاب |
| KOHA link: | https://koha.lib.tpu.ru/cgi-bin/koha/opac-detail.pl?biblionumber=628934 |
MARC
| LEADER | 00000naa2a2200000 4500 | ||
|---|---|---|---|
| 001 | 628934 | ||
| 005 | 20231222113945.0 | ||
| 035 | |a (RuTPU)RU\TPU\conf\29289 | ||
| 035 | |a RU\TPU\conf\29288 | ||
| 090 | |a 628934 | ||
| 100 | |a 20190117d2018 k y0rusy50 ca | ||
| 101 | 0 | |a rus | |
| 102 | |a RU | ||
| 105 | |a y z 101zy | ||
| 135 | |a drcn ---uucaa | ||
| 181 | 0 | |a i | |
| 182 | 0 | |a b | |
| 200 | 1 | |a Разработка конфигуратора систем поддержки принятия стратегических решений |d Development of a configurator of support systems for making strategic decisions |f А. А. Захарова | |
| 203 | |a Текст |c электронный | ||
| 225 | 1 | |a Информационные технологии поддержки принятия решений | |
| 300 | |a Заглавие с титульного экрана | ||
| 320 | |a [Библиогр.: с. 413 (3 назв.)] | ||
| 330 | |a The results of creating an environment for developing strategic decision support systems are presented. The software is implemented on the basis of the 1C: 8.3 technology platform. The environment allows the construction of decision support systems for the strategic management of socio-economic systems of various kinds based on typical tools that allow you to work with expert knowledge. | ||
| 461 | 1 | |0 (RuTPU)RU\TPU\conf\29207 |t Информационные технологии в науке, управлении, социальной сфере и медицине |o сборник научных трудов V Международной научной конференции, 17-21 декабря 2018 г., Томск |o в 2 ч. |f Национальный исследовательский Томский политехнический университет (ТПУ) ; Томский государственный педагогический университет (ТГПУ) ; под ред. О. Г. Берестневой [и др.] |d 2018 | |
| 463 | 1 | |0 (RuTPU)RU\TPU\conf\29209 |t Ч. 2 |v [С. 408-413] |d 2018 | |
| 510 | 1 | |a Development of a configurator of support systems for making strategic decisions |z eng | |
| 610 | 1 | |a электронный ресурс | |
| 610 | 1 | |a труды учёных ТПУ | |
| 610 | 1 | |a development environment | |
| 610 | 1 | |a strategy | |
| 610 | 1 | |a decision support systems | |
| 610 | 1 | |a expert knowledge | |
| 610 | 1 | |a technology platform 1C: 8.3 | |
| 610 | 1 | |a среда разработки | |
| 610 | 1 | |a стратегия | |
| 610 | 1 | |a системы поддержки принятия решений | |
| 610 | 1 | |a экспертные знания | |
| 610 | 1 | |a технологические платформы | |
| 700 | 1 | |a Захарова |b А. А. |c специалист в области информатики и вычислительной техники |c профессор Юргинского технологического института (филиала) Томского политехнического университета, доктор наук |f 1976- |g Александра Александровна |3 (RuTPU)RU\TPU\pers\22758 |9 9789 | |
| 712 | 0 | 2 | |a Национальный исследовательский Томский политехнический университет (ТПУ) |b Юргинский технологический институт (филиал) (ЮТИ) |b Отделение цифровых технологий (ОЦТ) |3 (RuTPU)RU\TPU\col\24718 |
| 801 | 2 | |a RU |b 63413507 |c 20190118 |g RCR | |
| 856 | 4 | |u http://earchive.tpu.ru/handle/11683/52343 | |
| 942 | |c BK | ||